[Event "Open"]
[Site "Dos Hermanas ESP"]
[Date "2000.04.15"]
[Round "9"]
[White "Estremera Panos,S"]
[Black "Illescas Cordoba,M"]
[Result "0-1"]
[WhiteElo "2353"]
[BlackElo "2581"]

1.d4 d6 2.e4 Nf6 3.Nc3 g6 4.Nf3 Bg7 5.Be2 O-O 6.O-O c6 7.h3 Qc7 8.a4 a5 9.Be3 Na6
10.Qd2 Nb4 11.Rad1 Re8 12.Rfe1 e5 13.Bf1 Nd7 14.dxe5 dxe5 15.Nb1 Na6 16.Bc4 Nb6
17.Bb3 Nd7 18.Ng5 Rf8 19.Qc3 Nf6 20.Nd2 h6 21.Ngf3 Re8 22.Nh2 Bf8 23.Bc4 Bb4
24.Qd3 Nc5 25.Qe2 Ncxe4 26.Nxe4 Nxe4 27.Bxh6 Kh7 28.Qxe4 Kxh6 29.c3 Bc5 30.Ng4+ Kg7
31.b4 axb4 32.cxb4 Bf5 33.Qf3 Bxb4 34.Ne3 Be6 35.Bxe6 Rxe6 36.Re2 Bc5 37.Ng4 Rxa4
38.Qc3 Rd4 39.Qc1  0-1

[Event "Advanced Chess"]
[Site "Leon ESP"]
[Date "2000.06.02"]
[Round "1.1"]
[White "Shirov,A"]
[Black "Illescas Cordoba,M"]
[Result "1-0"]
[WhiteElo "2751"]
[BlackElo "2581"]

1.e4 c6 2.d4 d5 3.e5 Bf5 4.c3 e6 5.Be3 Qb6 6.Qb3 Nd7 7.Nd2 Ne7 8.f4 Qc7 9.Ngf3 c5
10.dxc5 Nc6 11.Qa3 b6 12.b4 bxc5 13.bxc5 Rb8 14.Nb3 Be7 15.Nfd4 Bh4+ 16.g3 Be4
17.Rg1 Be7 18.Qa4 Nxd4 19.cxd4 f6 20.Bb5 fxe5 21.fxe5 Rxb5 22.Qxb5 O-O 23.Qa6 Bf5
24.g4 Bh4+ 25.Kd2 Bg6 26.Qxe6+ Bf7 27.Qd6 Qb7 28.c6 Qb5 29.cxd7 Bg6 30.Kc3  1-0

[Event "TCh-ESP"]
[Site "Barcelona ESP"]
[Date "2000.08.05"]
[Round "1"]
[White "Giorgadze,G"]
[Black "Illescas Cordoba,M"]
[Result "1-0"]
[WhiteElo "2599"]
[BlackElo "2575"]

1.d4 Nf6 2.c4 e6 3.Nc3 Bb4 4.Qc2 O-O 5.e4 d5 6.e5 Ne4 7.a3 Bxc3+ 8.bxc3 c5
9.Bb2 cxd4 10.cxd4 Qa5+ 11.Ke2 f6 12.f3 Ng5 13.h4 Nf7 14.exf6 gxf6 15.Kf2 Nc6
16.Bd3 dxc4 17.Bxh7+ Kh8 18.Ne2 Ne7 19.Bg6 Nd5 20.Qxc4 Bd7 21.Qc5 Qa6 22.Qc1 Rac8
23.Qd2 Kg7 24.Be4 Nd6 25.Rh3 Nf5 26.Rc1 Kf7 27.h5 Rxc1 28.Bxc1 Rc8 29.h6 Nfe3
30.Rg3 Rg8 31.Bxd5 Nxd5 32.h7  1-0

[Event "TCh-ESP"]
[Site "Barcelona ESP"]
[Date "2000.08.07"]
[Round "3"]
[White "Cramling,P"]
[Black "Illescas Cordoba,M"]
[Result "1/2-1/2"]
[WhiteElo "2484"]
[BlackElo "2575"]

1.d4 Nf6 2.c4 e6 3.Nc3 Bb4 4.Qc2 d5 5.cxd5 Qxd5 6.e3 c5 7.Bd2 Bxc3 8.Bxc3 cxd4
9.Bxd4 Nc6 10.Bc3 Bd7 11.Nf3 Rc8 12.a3 Ne7 13.Rd1 Qc5 14.Rd4 O-O 15.Rc4 Qb6
16.Bd4 Qa5+ 17.Bc3 Qb6 18.Bd4 Qa5+ 19.Bc3  1/2-1/2

[Event "TCh-ESP"]
[Site "Barcelona ESP"]
[Date "2000.08.10"]
[Round "6"]
[White "Illescas Cordoba,M"]
[Black "Hamdouchi,H"]
[Result "1/2-1/2"]
[WhiteElo "2575"]
[BlackElo "2541"]

1.e4 d6 2.d4 Nf6 3.Nc3 g6 4.Nf3 Bg7 5.Be2 O-O 6.O-O c6 7.a4 Qc7 8.a5 Nbd7
9.Be3 Rb8 10.d5 Nc5 11.Nd2 b5 12.axb6 Rxb6 13.dxc6 Qxc6 14.Bf3 Qd7 15.e5 Ng4
16.Bxg4 Qxg4 17.exd6 exd6 18.Qxg4 Bxg4 19.Nc4 Rb4 20.Nxd6 Nb7 21.Nd5 Rxb2
22.Nxb7 Rxb7 23.Rxa7 Rxa7 24.Bxa7 Ra8 25.Be3 Rd8 26.h3 Be2 27.Re1 Bb5 28.Rb1 Bc4
29.Bg5 Re8 30.Nf6+ Bxf6 31.Bxf6 h6 32.h4 Kh7 33.c3 Rc8 34.Rb6 Be6 35.f3 g5
36.h5 g4 37.fxg4 Bxg4 38.Rb5 Bxh5 39.Rxh5 Kg6 40.Rh3 Kxf6 41.Rxh6+ Ke5 42.Rh3 f5
43.Re3+ Kf4 44.Kf2 Kg4 45.Rg3+ Kf4 46.Rd3 Kg4 47.Rd4+ Kg5 48.c4 Kf6 49.Kf3 Rc7
50.Ke3 Rc8 51.Kf4 Rc7 52.g3 Rc8 53.Ke3 Rc7 54.Kd2 Ke5 55.Kc3 Ra7 56.Rd3 Ke4
57.Rd4+ Ke5 58.Rd5+ Ke4 59.Rd4+ Ke5  1/2-1/2

[Event "ch-ESP Semi-Final"]
[Site "Cala Mendia, Mallorca ESP"]
[Date "2001.11.23"]
[Round "1.3"]
[White "Illescas Cordoba,M"]
[Black "San Segundo Carrillo,P"]
[Result "1/2-1/2"]
[WhiteElo "2577"]
[BlackElo "2528"]

1.e4 c5 2.Nf3 Nc6 3.d4 cxd4 4.Nxd4 Nf6 5.Nc3 e5 6.Ndb5 d6 7.Bg5 a6 8.Na3 b5
9.Nd5 Be7 10.Bxf6 Bxf6 11.c3 Bg5 12.Nc2 O-O 13.a4 bxa4 14.Rxa4 a5 15.Bb5 Ne7
16.Ncb4 Bd7 17.Bxd7 axb4 18.Rxa8 Qxa8 19.O-O Nxd5 20.Qxd5 Qxd5 21.exd5 bxc3
22.bxc3 Bd2 23.c4 Bb4 24.Ra1 Bc5 25.Bc6 g6  1/2-1/2

[Event "ch-ESP Final"]
[Site "Cala Mendia, Mallorca ESP"]
[Date "2001.11.24"]
[Round "2.1"]
[White "Comas Fabrego,L"]
[Black "Illescas Cordoba,M"]
[Result "1/2-1/2"]
[WhiteElo "2510"]
[BlackElo "2577"]

1.d4 Nf6 2.c4 g6 3.Nf3 Bg7 4.g3 c6 5.Bg2 d5 6.cxd5 cxd5 7.O-O O-O 8.Nc3 Ne4
9.Ne5 Nxc3 10.bxc3 Nd7 11.Ng4 Nb6 12.Ne3 Be6 13.a4 Rc8 14.Qb3 Qd7 15.a5 Nc4
16.Nxc4 Rxc4 17.Bd2 Rc6 18.Rfb1 b6 19.Qa4 bxa5 20.Qxa5 a6 21.Rb6 Ra8 22.Qb4  1/2-1/2

[Event "III Open"]
[Site "Dos Hermanas ESP"]
[Date "2002.04.08"]
[Round "4"]
[White "Illescas Cordoba,M"]
[Black "Hamdouchi,H"]
[Result "1/2-1/2"]
[WhiteElo "2580"]
[BlackElo "2522"]

1.Nf3 d5 2.d4 e6 3.c4 c5 4.cxd5 exd5 5.Bg5 Be7 6.Bxe7 Nxe7 7.dxc5 Qa5+ 8.Nbd2 Qxc5
9.Nb3 Qd6 10.g3 Nbc6 11.Bg2 O-O 12.O-O Bg4 13.Qd2 Rfd8 14.Rfd1 Rac8 15.Nbd4 Qf6
16.a3 Nf5 17.Nxf5 Bxf5 18.Qf4 Bc2 19.Qxf6 gxf6 20.Rd2 Na5 21.Nd4 Nb3 22.Nxb3 Bxb3
23.e3 Rd6 24.Rd3 Rb6 25.Bxd5 Bxd5 26.Rxd5 Rxb2 27.Rf5 Rc6 28.Rd1 Kg7 29.Rd7 Rc1+
30.Kg2 Rc3 31.Rd6 Rxe3 32.Rdxf6  1/2-1/2

[Event "III Open"]
[Site "Dos Hermanas ESP"]
[Date "2002.04.11"]
[Round "7"]
[White "Vasilev,M"]
[Black "Illescas Cordoba,M"]
[Result "1/2-1/2"]
[WhiteElo "2419"]
[BlackElo "2580"]

1.d4 Nf6 2.c4 g6 3.Nc3 Bg7 4.Nf3 O-O 5.g3 d5 6.cxd5 Nxd5 7.Bg2 Nc6 8.O-O Nb6
9.Bf4 Bg4 10.Rc1 Qc8 11.d5 Rd8 12.Qb3 Bxf3 13.dxc6 Bxg2 14.Kxg2 bxc6 15.Qa3 e5
16.Bg5 Rd4 17.e3 Rc4 18.b3 Rxc3 19.Rxc3 f6 20.Rxc6 fxg5 21.Qe7 Nd5 22.Qc5 Qd7
23.Kg1 Bf8 24.Qc4 Qf7 25.Rd1 Ne7 26.Qxf7+ Kxf7 27.Rxc7 a5 28.Rd6 h5 29.h3 g4
30.hxg4 hxg4 31.Rc4 Ng8 32.Rd5 Ke6 33.e4 Ne7 34.Rb5 Ra6 35.Ra4 Nc6 36.a3 Bd6
37.Kf1 Ra7 38.Ke1 Rh7 39.b4 axb4 40.axb4 Rh1+ 41.Kd2 Rb1 42.Kc3 Rc1+ 43.Kd3 Rd1+
44.Kc3 Rc1+ 45.Kd3 Rd1+  1/2-1/2

[Event "LXVIII ch-ESP 3rd-4th"]
[Site "Burgos ESP"]
[Date "2003.10.01"]
[Round "2"]
[White "Illescas Cordoba,M"]
[Black "Moreno Ruiz,J"]
[Result "1-0"]
[WhiteElo "2602"]
[BlackElo "2426"]

1.d4 Nf6 2.c4 g6 3.g3 Bg7 4.Bg2 O-O 5.Nc3 d6 6.Nf3 Nbd7 7.O-O e5 8.h3 exd4
9.Nxd4 Nb6 10.b3 d5 11.c5 Nbd7 12.c6 Ne5 13.cxb7 Bxb7 14.Ba3 Re8 15.Rc1 a6
16.Na4 Ne4 17.Nc5 Nxc5 18.Bxc5 Nd7 19.Ba3 c5 20.Nc2 Qg5 21.h4 Qh5 22.Bf3 Qf5
23.Qd2 Qe6 24.Rfd1 Rad8 25.Bxd5 Bxd5 26.Qxd5 Qxe2 27.Re1 Ne5 28.Rxe2 Rxd5
29.Kg2 Rdd8 30.Ne1 Nd7 31.Rxe8+ Rxe8 32.Rd1 Bf8 33.Rxd7 Rxe1 34.Rd8 Kg7 35.Bb2+ Kg8
36.Rc8 f5 37.Ba3 Re5 38.Bc1 Kf7 39.Rc7+ Kg8 40.Be3 Re6 41.Kf3 h5 42.Bxc5 Bxc5
43.Rxc5 Kf7 44.b4 Rb6 45.a3 Kf6 46.Kf4 Re6 47.Rc4 Rb6 48.a4 Ke6 49.Rd4 Kf6
50.Ke3 Ke5 51.Kd3 Rc6 52.b5 axb5 53.axb5 Rc1 54.Rb4 Rd1+ 55.Kc2 Rd7 56.b6 Rb7
57.Kb3 Kd5 58.Ka4 Kc6 59.Ka5 Re7 60.Ka6 Re2 61.Rc4+ Kd7 62.Ra4 Kc8 63.Ka7 Rb2
64.Ra5 Rb1 65.Rc5+ Kd7 66.b7 Kd6 67.Rc8 Ra1+ 68.Kb8 Ra2 69.Rg8 Kd7 70.Rg7+ Kd8
71.Rxg6 Kd7 72.Rh6  1-0

[Event "EuTCh"]
[Site "Plovdiv BUL"]
[Date "2003.10.19"]
[Round "8"]
[White "Cheparinov,I"]
[Black "Illescas Cordoba,M"]
[Result "0-1"]
[WhiteElo "2531"]
[BlackElo "2602"]

1.e4 c5 2.Nf3 Nc6 3.d4 cxd4 4.Nxd4 Nf6 5.Nc3 e5 6.Ndb5 d6 7.Nd5 Nxd5 8.exd5 Nb8
9.c4 Be7 10.Be2 O-O 11.O-O a6 12.Nc3 Bf5 13.Kh1 Nd7 14.f4 exf4 15.Bxf4 Bg6
16.Qd2 Rc8 17.Rae1 Ne5 18.b3 Bh4 19.Rd1 Bf6 20.Be3 b5 21.cxb5 axb5 22.Bxb5 Qa5
23.Ne4 Qxb5 24.Nxd6 Qa6 25.Nxc8 Rxc8 26.d6 h6 27.Qd5 Qxa2 28.Bd4 Nd7 29.Qb7 Rd8
30.Bxf6 Nxf6 31.Qc7 Qa8 32.Ra1 Qc8 33.Ra7 Kh7 34.Rc1 Qd7 35.Qxd7 Nxd7 36.Rcc7 Bf5
37.Kg1 Kg6 38.b4 Kf6 39.b5 Be6 40.h3 Ke5 41.Rc1 Rb8 42.Re1+ Kxd6 43.Rd1+ Ke7
44.Rb1 Kf6 45.Rc7 Nb6 46.Rc6 Ke7 47.Rc7+ Bd7 48.Rc3 Nd5 49.Rd3 Be6 50.Ra3 Rb6
51.Ra6 Kd6 52.Rxb6+ Nxb6 53.Kf2 Kc5 54.Ke3 Bc4 55.Rc1 Nd5+ 56.Ke4 Nf6+ 57.Ke5 Nd7+
58.Ke4 Kxb5 59.Kd4 Be6 60.Rc8 h5 61.h4 Kb6 62.Rc3 Nf6 63.Ke5 Ng4+ 64.Kf4 g6
65.Ke4 Kb5 66.Rc7 Nh6 67.Kf4 Nf5 68.g4 hxg4 69.Kxg4 Kb6 70.Rc1 Nd4+ 71.Kg5 Nf3+
72.Kf6 Nxh4 73.Rc2 Nf5 74.Rc3 Nd6 75.Rc1 Kb5 76.Rc2 Ne4+ 77.Ke5 Nc5 78.Kd6 Nd3
79.Rc3 Bc4 80.Rc2 Be6 81.Rc3 Nf2 82.Rc2 Nh3 83.Ke5 Kb4 84.Kf6 Nf4 85.Ke5 Kb3
86.Rc7 Nd5 87.Rc6 g5 88.Rc1 g4 89.Ke4 Kb2 90.Rc6 Nc3+ 91.Kd3 Nd5 92.Ke4 Ka3
93.Rc1 Kb4 94.Kd4 Kb5 95.Ke4 Kb6 96.Ke5 Ne3 97.Kf6 g3 98.Ke5 g2 99.Rg1 Kc5
100.Ke4 Nf1 101.Ke5 Bd5 102.Kf6 Ne3 103.Ke5 Kc4  0-1

[Event "LXVIII ch-ESP Gp A"]
[Site "Burgos ESP"]
[Date "2003.10.25"]
[Round "2"]
[White "Narciso Dublan,M"]
[Black "Illescas Cordoba,M"]
[Result "0-1"]
[WhiteElo "2521"]
[BlackElo "2602"]

1.c4 e5 2.Nc3 Nf6 3.Nf3 Nc6 4.e3 Bb4 5.Qc2 O-O 6.Nd5 Re8 7.Qf5 d6 8.Nxf6+ Qxf6
9.Qxf6 gxf6 10.a3 Bc5 11.b4 Bb6 12.Bb2 a5 13.b5 Nd8 14.d4 a4 15.O-O-O Bg4
16.h3 Bxf3 17.gxf3 Ne6 18.Rg1+ Kf8 19.c5 Ba5 20.Rg4 exd4 21.cxd6 cxd6 22.Bxd4 Rec8+
23.Kb1 Bc3 24.Bb6 f5 25.Rc4 Rxc4 26.Bxc4 Ke7 27.Rd5 f4 28.Rh5 Rc8 29.Bxe6 Kxe6
30.Rxh7 Be5 31.Rh4 Kd5 32.exf4 Bf6 33.Rh6 Bg7 34.Rh7 Rg8 35.Bc7 Kc4 36.Kc2 Bd4
37.Bxd6 Rg2 38.Kd2 Bxf2 39.Be5 Bc5+ 40.Kc1 Be3+ 41.Kb1 Kb3 42.Rg7 Rd2  0-1

[Event "LXVIII ch-ESP Semi-Final"]
[Site "Burgos ESP"]
[Date "2003.10.30"]
[Round "2"]
[White "Illescas Cordoba,M"]
[Black "De la Riva Aguado,O"]
[Result "1/2-1/2"]
[WhiteElo "2602"]
[BlackElo "2549"]

1.d4 d5 2.c4 c6 3.Nf3 Nf6 4.e3 a6 5.Qc2 g6 6.Be2 Bg7 7.O-O O-O 8.Nc3 Nbd7
9.Rd1 Nb6 10.b3 Bf5 11.Bd3 Bg4 12.Bb2 Nbd7 13.Rac1 Rc8 14.Ne2 Bxf3 15.gxf3 c5
16.cxd5 Nxd5 17.Qd2 cxd4 18.Rxc8 Qxc8 19.Nxd4 Ne5 20.Bf1 Rd8 21.Bg2 e6 22.f4 Ng4
23.h3 Ngf6 24.Rc1 Qb8 25.Qc2 Ne8 26.a3 Nxf4 27.Bf1 Nd5 28.b4 Nd6 29.Qb3 Ne4
30.Bg2 Nef6 31.b5 axb5 32.Qxb5 Rc8 33.Rxc8+ Qxc8 34.a4 Qc7  1/2-1/2

[Event "LXVIII ch-ESP Semi-Final"]
[Site "Burgos ESP"]
[Date "2003.10.30"]
[Round "3"]
[White "Illescas Cordoba,M"]
[Black "De la Riva Aguado,O"]
[Result "1-0"]
[WhiteElo "2602"]
[BlackElo "2549"]

1.d4 d5 2.c4 c6 3.Nf3 Nf6 4.e3 a6 5.Qc2 g6 6.Be2 Bg7 7.O-O O-O 8.Nc3 Bg4
9.Qb3 Ra7 10.h3 Be6 11.Ng5 Bc8 12.Bd2 h6 13.Nf3 Be6 14.cxd5 cxd5 15.Rfc1 Nc6
16.Na4 Ne4 17.Be1 Na5 18.Qb6 Qxb6 19.Nxb6 Nc6 20.b4 Rd8 21.a4 f6 22.Nd2 Nxd2
23.Bxd2 Bf7 24.b5 axb5 25.axb5 Rxa1 26.Rxa1 Nxd4 27.exd4 f5 28.Bc3 e5 29.Ra8  1-0

[Event "LXVIII ch-ESP 3rd-4th"]
[Site "Burgos ESP"]
[Date "2003.10.31"]
[Round "1"]
[White "Moreno Ruiz,J"]
[Black "Illescas Cordoba,M"]
[Result "0-1"]
[WhiteElo "2426"]
[BlackElo "2602"]

1.d4 Nf6 2.c4 e6 3.Nc3 Bb4 4.e3 b6 5.Ne2 Ba6 6.Ng3 Bxc3+ 7.bxc3 d5 8.Ba3 Bxc4
9.Bxc4 dxc4 10.Qa4+ Qd7 11.Qxc4 Qc6 12.Qxc6+ Nxc6 13.e4 Na5 14.Ke2 Nd7 15.Rhd1 Nc4
16.Bc1 O-O-O 17.Nf1 f5 18.exf5 exf5 19.Ne3 Rhe8 20.Kf1 Nxe3+ 21.Bxe3 h6 22.a4 Nf6
23.h3 Ne4 24.c4 g5 25.a5 f4 26.Bc1 b5 27.cxb5 Nc3 28.Rd2 Nxb5 29.Bb2 Rd5
30.Rc1 Kb7 31.Rc4 Nd6 32.Rb4+ Ka6 33.Rc2 Nb5 34.Ra4 Re6 35.Ra1 c6 36.Rc4 Nc7
37.Rac1 Kb7 38.Rc5 Rxc5 39.Rxc5 Nd5 40.Bc1 Re8 41.Rc2 Re4 42.Bb2 Re3 43.Rd2 Rb3
44.Ke2 Ka6 45.Kd1 Kxa5 46.Bc1 Kb4 47.Kc2 Kc4 48.Re2 f3 49.gxf3 Rxf3 50.Re6 Nb4+
51.Kd2 Rxh3 52.Re7 a5 53.Ra7 Kb5 54.Ke2 a4 55.Be3 Nc2 56.Rb7+ Kc4 57.Rc7 Nxd4+  0-1

[Event "IV Open"]
[Site "Dos Hermanas ESP"]
[Date "2004.03.28"]
[Round "4"]
[White "Khamrakulov,I"]
[Black "Illescas Cordoba,M"]
[Result "0-1"]
[WhiteElo "2452"]
[BlackElo "2616"]

1.e4 e5 2.Nf3 Nc6 3.d4 exd4 4.Nxd4 Bc5 5.Nb3 Bb4+ 6.c3 Be7 7.Bf4 Bf6 8.Qd2 Nge7
9.Na3 O-O 10.O-O-O Ng6 11.Be3 Re8 12.f3 d6 13.Kb1 Be6 14.c4 a5 15.g4 a4 16.Nc1 Nh4
17.Qf2 Ne5 18.Be2 g5 19.h3 Bg7 20.Rd2 Qf6 21.Rf1 Nhg6 22.Rfd1 h6 23.Bd4 Qe7
24.Rc2 c6 25.Nd3 Nxd3 26.Bxd3 Be5 27.Bxe5 dxe5 28.Rcd2 Red8 29.Bf1 Rxd2 30.Qxd2 Qf6
31.Be2 Qf4 32.Qxf4 Nxf4 33.Bf1 Kf8 34.Kc2 Ke7 35.Kc3 b6 36.Nc2 c5 37.Ne3 h5
38.a3 Rh8 39.Rd2 f6 40.Kc2 Ng6 41.Kc3 Nf4 42.Kc2 h4 43.Kc3 Ra8 44.Rd1 Ra7
45.Rd2 Ng6 46.Rd1 Nh8 47.Bd3 Nf7 48.Nf5+ Bxf5 49.exf5 Nd6 50.Be4 Rc7 51.Rd5 Rc8
52.Bd3 Ra8 53.Be4 Ra7 54.Rd1 Rd7 55.Rd5 Rd8 56.b3 axb3 57.Kxb3 Rd7 58.Rd2 Ra7
59.Bc6 Rxa3+  0-1

[Event "ch-ESP GpA"]
[Site "Seville ESP"]
[Date "2004.08.13"]
[Round "1"]
[White "Illescas Cordoba,M"]
[Black "Moreno Ruiz,J"]
[Result "1/2-1/2"]
[WhiteElo "2618"]
[BlackElo "2463"]

1.d4 Nf6 2.c4 g6 3.g3 Bg7 4.Bg2 O-O 5.Nc3 d6 6.Nf3 c6 7.O-O Qa5 8.d5 Qa6
9.Nd2 Nbd7 10.Rb1 cxd5 11.cxd5 b5 12.a3 Nb6 13.Nb3 Bd7 14.h3 Nc4 15.Nd4 Rac8
16.Na2 Rfe8 17.Nb4 Qb7 18.b3 Nb6 19.e4 e6 20.dxe6 fxe6 21.e5 Nfd5 22.exd6 Qb8
23.Nxd5 Nxd5 24.Ne2 Qxd6 25.b4 Qe7 26.Bb2 Nb6 27.Bxg7 Qxg7 28.Rb3 Bc6 29.Bxc6 Rxc6
30.Re1 Nc4 31.Nf4 Rd6 32.Qg4 e5 33.Rd3 Rxd3 34.Nxd3 Qf7 35.Nc5 Rf8 36.Ne4 Nd2  1/2-1/2

[Event "ch-ESP GpA"]
[Site "Seville ESP"]
[Date "2004.08.14"]
[Round "2"]
[White "Illescas Cordoba,M"]
[Black "Garcia Luque,A"]
[Result "1/2-1/2"]
[WhiteElo "2618"]
[BlackElo "2406"]

1.e4 c6 2.c4 g6 3.Nc3 Bg7 4.d4 d6 5.Be3 Nf6 6.Be2 O-O 7.Nf3 a6 8.Nd2 b5 9.e5 Nfd7
10.exd6 exd6 11.O-O Nb6 12.c5 dxc5 13.dxc5 Nd5 14.Nxd5 Qxd5 15.a4 Qe5 16.axb5 cxb5
17.Bxb5 Qxb2 18.Rb1 Qf6 19.Be2 Nc6 20.Bf3 Rb8 21.Rxb8 Nxb8 22.Ne4 Qe5 23.Nd6 Bd7
24.h3 a5 25.Nc4 Qc3 26.Nb6 Bb5 27.Be2 Bc6 28.Bf3 Bb5 29.Be2 Bc6 30.Bf3  1/2-1/2

[Event "It"]
[Site "Dos Hermanas ESP"]
[Date "2005.04.09"]
[Round "9"]
[White "Felgaer,R"]
[Black "Illescas Cordoba,M"]
[Result "1-0"]
[WhiteElo "2593"]
[BlackElo "2633"]

1.e4 c5 2.Nf3 d6 3.d4 cxd4 4.Nxd4 Nf6 5.Nc3 Nc6 6.Be2 e5 7.Nf3 h6 8.O-O Be7
9.Re1 O-O 10.h3 Be6 11.Bf1 Nb8 12.b3 a6 13.a4 Nbd7 14.Bb2 Rc8 15.Nd2 Re8
16.Nc4 Nb6 17.Ne3 Bf8 18.a5 Nbd7 19.Nc4 Rc6 20.Qd2 Nh5 21.Nd5 Qg5 22.Qxg5 hxg5
23.Rad1 Nf4 24.Rd2 Rec8 25.Ba3 Nf6 26.Nxf6+ gxf6 27.Ne3 Be7 28.Red1 Bd8 29.Bb4 Bc7
30.Nd5 Bd8 31.Ne3 Bc7 32.g3 Ng6 33.Nc4 Kg7 34.Ne3 Rd8 35.Bc4 b6 36.axb6 Bxb6
37.Rxd6 Rcxd6 38.Rxd6 Rb8 39.Bxe6 Bxe3 40.fxe3 fxe6 41.Ba5 g4 42.hxg4 Ra8
43.Rxe6 Nf8 44.Re7+ Kg6 45.c4 Nh7 46.c5 Rc8 47.b4 Ng5 48.Ra7 Nxe4 49.Rxa6 Kg5
50.c6 Kxg4 51.Kg2 Nxg3 52.c7 Ne4 53.Rc6 f5 54.Rc4 Kg5 55.Rxe4 fxe4 56.b5 Kh4
57.b6 Rg8+ 58.Kf2  1-0

[Event "49th TCh-ESP Honor 1"]
[Site "Merida ESP"]
[Date "2005.08.27"]
[Round "4"]
[White "Sanchez Guirado,F"]
[Black "Illescas Cordoba,M"]
[Result "0-1"]
[WhiteElo "2408"]
[BlackElo "2624"]

1.d4 Nf6 2.Nf3 d6 3.g3 g6 4.Bg2 Bg7 5.O-O O-O 6.c4 Nbd7 7.Nc3 e5 8.e4 exd4
9.Nxd4 Re8 10.Re1 Nc5 11.h3 h6 12.Qc2 Nfxe4 13.Nxe4 Bxd4 14.Bxh6 Nxe4 15.Bxe4 Bxh3
16.Bxg6 Qf6 17.Bh7+ Kh8 18.Bf4 Bxb2 19.Rab1 Rxe1+ 20.Rxe1 Kg7 21.Be4 Re8
22.Re2 b6 23.Qa4 Re7 24.Qc6 Be5 25.Bxe5 Rxe5 26.f4 Rc5 27.Qe8 Qd4+  0-1

[Event "49th TCh-ESP Honor 1"]
[Site "Merida ESP"]
[Date "2005.08.28"]
[Round "5"]
[White "Illescas Cordoba,M"]
[Black "Lacasa Diaz,J"]
[Result "1-0"]
[WhiteElo "2624"]
[BlackElo "2420"]

1.e4 c5 2.Nf3 e6 3.b3 b6 4.c4 Bb7 5.Nc3 Nc6 6.g3 Nf6 7.Bg2 d5 8.cxd5 exd5
9.e5 Ng4 10.O-O d4 11.Ne4 Qd7 12.d3 Ngxe5 13.Nxe5 Nxe5 14.Qh5 Ng6 15.f4 Be7
16.f5 Ne5 17.f6 gxf6 18.Nxf6+ Bxf6 19.Rxf6 Ng6 20.Bh6 Bxg2 21.Re1+ Kd8 22.Kxg2 Kc7
23.Ref1 Rae8 24.Rxf7 Re7 25.Rxe7 Qxe7 26.Bf4+ Kb7 27.Qd5+ Ka6 28.Bd6 Qb7
29.Qxb7+ Kxb7 30.h4 Kc6 31.Rf6 Kd7 32.h5 Ne7 33.Bxe7 Kxe7 34.Rc6 Kd7 35.Rh6 Ke7
36.g4 Kf7 37.g5 Kg7 38.Re6 Rf8 39.Kg3 Rf7 40.Kg4 Rd7 41.a4 Kf7 42.Rf6+ Kg7
43.Kf5 Re7 44.Re6 Rf7+ 45.Ke4 Rd7 46.a5 bxa5 47.Ra6 Rb7 48.Rxa5 Rxb3 49.Rxc5 Rb4
50.Rd5 a6 51.Rd7+ Kg8 52.Rxd4 Rb1 53.Rd8+ Kf7 54.Rd7+ Kg8 55.d4 Rg1 56.Rd5 Kf7
57.Kf5 Rf1+ 58.Ke5 Ke7 59.Ra5 Rg1 60.Kf5 Rf1+ 61.Ke4 Rg1 62.Kf3 Rf1+ 63.Ke2 Rh1
64.h6 Rg1 65.Kf3 Rf1+ 66.Ke4 Rg1 67.Rxa6 Rxg5 68.Ra7+ Kf8 69.Rxh7 Rh5 70.d5 Kg8
71.Rg7+ Kh8 72.Rg6 Kh7 73.Rf6  1-0

[Event "49th TCh-ESP Honor Final"]
[Site "Merida ESP"]
[Date "2005.09.10"]
[Round "1"]
[White "Illescas Cordoba,M"]
[Black "Comas Fabrego,L"]
[Result "1-0"]
[WhiteElo "2624"]
[BlackElo "2513"]

1.d4 Nf6 2.Nf3 d5 3.c4 e6 4.Nc3 c5 5.cxd5 Nxd5 6.e4 Nxc3 7.bxc3 cxd4 8.cxd4 Bb4+
9.Bd2 Bxd2+ 10.Qxd2 O-O 11.Bc4 Nd7 12.O-O b6 13.Rfe1 Bb7 14.Rad1 Rc8 15.Bb3 Re8
16.h3 h6 17.Re3 Nf6 18.Qe2 Rc7 19.d5 exd5 20.e5 Nh5 21.Rd4 g6 22.Qd2 Ng7
23.Bxd5 Qa8 24.Red3 Nf5 25.Bxb7 Qxb7 26.Rd7 Rec8 27.e6 fxe6 28.Ne5 Rxd7 29.Rxd7 Rc7
30.Rd8+ Kh7 31.Nd7 Nh4 32.Rh8+  1-0

[Event "V Open"]
[Site "Dos Hermanas ESP"]
[Date "2006.03.31"]
[Round "2"]
[White "Illescas Cordoba,M"]
[Black "Montero Campuzano,R"]
[Result "1-0"]
[WhiteElo "2608"]
[BlackElo "2121"]

1.d4 Nf6 2.Nf3 e6 3.c4 d5 4.Nc3 Be7 5.Bg5 h6 6.Bh4 O-O 7.e3 a6 8.Qc2 Nbd7
9.cxd5 exd5 10.Bd3 c6 11.O-O Ne8 12.Bg3 Ndf6 13.h3 Nd6 14.Ne5 Be6 15.b3 Rc8
16.Bh2 c5 17.dxc5 Rxc5 18.Qb2 b5 19.Ne2 Qb6 20.Nd4 Rfc8 21.Ng6 Bd8 22.Nxe6 fxe6
23.Be5 Qb8 24.Nf4 Kf7 25.Qe2 Bc7 26.Bxf6 Kxf6 27.Qg4  1-0

[Event "LXXI ch-ESP Scheveningen"]
[Site "Leon ESP"]
[Date "2006.11.30"]
[Round "4"]
[White "Garcia Castro,P"]
[Black "Illescas Cordoba,M"]
[Result "0-1"]
[WhiteElo "2390"]
[BlackElo "2620"]

1.e4 g6 2.g3 d5 3.Nc3 d4 4.Nce2 e5 5.d3 Nc6 6.Nf3 f5 7.exf5 gxf5 8.Bg2 Nf6
9.O-O Bg7 10.b4 Nd5 11.b5 Nce7 12.a4 O-O 13.Ba3 Re8 14.Nd2 Be6 15.Nc4 Ng6
16.Na5 Rb8 17.Qd2 Kh8 18.Rae1 Qd7 19.Nc1 Rg8 20.Ncb3 b6 21.Nc6 Rbe8 22.Bb2 f4
23.Nxe5 Nxe5 24.Bxd4 Bh3 25.c4 Bxg2 26.Kxg2 f3+ 27.Kh1 Qh3 28.Rg1 Ng4 29.Bxg7+ Kxg7  0-1

[Event "ch-ESP ko"]
[Site "Ayamonte ESP"]
[Date "2007.11.09"]
[Round "1.1"]
[White "Fernandez Siles,L"]
[Black "Illescas Cordoba,M"]
[Result "0-1"]
[WhiteElo "2310"]
[BlackElo "2598"]

1.d4 Nf6 2.c4 e6 3.Nc3 Bb4 4.e3 b6 5.Ne2 Ba6 6.a3 Bxc3+ 7.Nxc3 d5 8.b3 O-O
9.Bd3 c5 10.dxc5 bxc5 11.O-O Nc6 12.cxd5 Bxd3 13.Qxd3 exd5 14.Na4 c4 15.Qc2 Na5
16.bxc4 Nxc4 17.Bb2 Rc8 18.Qe2 Nxb2 19.Nxb2 Qa5 20.a4 Rc3 21.Rfc1 Rfc8 22.Rxc3 Qxc3
23.Rd1 Qb3 24.h3 h6 25.Rd3 Qa2 26.Rd1 Qb3 27.Rd3 Rc1+ 28.Kh2 Qa2 29.f3 Nh5
30.Rd4 Rh1+  0-1

[Event "II ch-Ibero-Americano Gp C"]
[Site "Morelia MEX"]
[Date "2008.02.17"]
[Round "3"]
[White "Guillen Ramirez,J"]
[Black "Illescas Cordoba,M"]
[Result "0-1"]
[WhiteElo "2232"]
[BlackElo "2605"]

1.d4 Nf6 2.c4 g6 3.Nc3 d5 4.Nf3 Bg7 5.Bf4 O-O 6.e3 c5 7.dxc5 Qa5 8.Rc1 dxc4
9.Bxc4 Qxc5 10.Bb3 Nc6 11.O-O Qa5 12.h3 Bf5 13.Qe2 Ne4 14.Nd5 e5 15.Bh2 Be6
16.Rfd1 Rad8 17.Qc4 Nd4 18.exd4 Bxd5 19.Qe2 b6 20.Bxd5 Qxd5 21.dxe5 Qb7 22.e6 fxe6
23.Rxd8 Rxd8 24.Re1 Nc5 25.b4 Na4 26.Qxe6+ Qf7 27.Qxf7+ Kxf7 28.Ne5+ Bxe5
29.Bxe5 b5 30.Rc1 Ke6 31.f4 Rd7 32.a3 Nb6 33.Rc5 Rd2 34.Rxb5 Nd5 35.Rb7 h5
36.g4 hxg4 37.hxg4 g5 38.Rxa7 gxf4 39.Bxf4 Nxf4 40.Ra5 Nd5 41.Ra8 Ke5 42.Kf1 Ne3+
43.Ke1 Rg2 44.b5 Rb2 45.Rb8 Nxg4 46.b6 Nf6 47.a4 Nd7 48.Rd8 Nxb6 49.Rb8 Rb4
50.a5 Re4+ 51.Kf2 Rf4+ 52.Kg3 Nd5 53.Re8+ Kd4 54.a6 Rf7 55.Ra8 Nb6 56.Rb8 Kc5
57.Rb7 Rf1 58.a7 Ra1 59.Rc7+ Kd6 60.Rb7 Kc6 61.Rf7 Nd7 62.Rh7 Rxa7 63.Kf4 Ra1
64.Rh8 Re1 65.Ra8 Nc5 66.Kf3 Kd5 67.Rd8+ Ke5 68.Re8+ Ne6 69.Kf2 Re4 70.Re7 Kf6
71.Ra7 Nd4 72.Ra8 Kg5 73.Rg8+ Kf4 74.Rf8+ Nf5 75.Rf7 Re8 76.Rf6 Ke4 77.Ra6 Rf8
78.Ra4+ Nd4+ 79.Kg3 Rf7 80.Rb4 Ke3 81.Kg4 Rg7+ 82.Kh5 Ke4 83.Kh6 Rg1 84.Ra4 Rg2
85.Kh7 Ke5 86.Ra8 Nf5 87.Ra6 Rg7+ 88.Kh8 Rd7 89.Rb6 Rc7 90.Ra6 Rb7 91.Ra5+ Kf6
92.Ra6+ Kf7 93.Kh7 Rc7 94.Rb6 Ra7 95.Rb8 Kf6+ 96.Kh8 Ra1 97.Rf8+ Kg6 98.Re8 Kf7  0-1

[Event "II ch-Ibero-Americano Gp C"]
[Site "Morelia MEX"]
[Date "2008.02.19"]
[Round "5"]
[White "Iturrizaga,E"]
[Black "Illescas Cordoba,M"]
[Result "1/2-1/2"]
[WhiteElo "2470"]
[BlackElo "2605"]

1.Nf3 Nf6 2.c4 e6 3.Nc3 Bb4 4.Qc2 c5 5.a3 Ba5 6.d4 b6 7.Bg5 Bb7 8.O-O-O Bxc3
9.Qxc3 Ne4 10.Bxd8 Nxc3 11.bxc3 Kxd8 12.d5 Ke7 13.e4 d6 14.Bd3 Nd7 15.Rhe1 Rad8
16.Kc2 Kf6 17.a4 g5 18.Rb1 g4 19.Nd2 Rhg8 20.Nf1 h5 21.Ne3 Bc8 22.Ra1 Ke7
23.Kd2 Ne5 24.Be2 Kd7 25.Rf1 Kc7 26.a5 bxa5 27.Rxa5 a6 28.f4 gxf3 29.gxf3 Ng6
30.dxe6 fxe6 31.f4 Kb6 32.Ra2 Bb7 33.f5 exf5 34.Rxf5 Ne5 35.Rxh5 Rh8 36.Rb2+ Kc7
37.Rxh8 Rxh8 38.Nd5+ Bxd5 39.cxd5 Rxh2 40.Ra2 Nf3+ 41.Ke3 Ng1 42.Bc4 Rxa2
43.Bxa2 a5 44.Bb3 Nh3 45.Ba4 Ng5 46.Kf4 Nf7 47.Kf5 Ne5 48.Ke6 Nc4 49.Bb5 Ne5
50.Ba4 Nc4 51.Bb5 Nb6 52.e5 a4 53.Bxa4 Nxa4 54.Ke7 Nb6 55.exd6+ Kc8 56.c4 Nd7
57.Ke8 Ne5 58.Ke7 Nd7 59.Ke8 Nb6 60.Ke7  1/2-1/2

[Event "III Tch-ESP Selecciones Autonomicas"]
[Site "Melilla ESP"]
[Date "2008.05.01"]
[Round "3"]
[White "Recuero Guerra,D"]
[Black "Illescas Cordoba,M"]
[Result "1/2-1/2"]
[WhiteElo "2411"]
[BlackElo "2605"]

1.e4 e5 2.Nf3 Nc6 3.Bb5 Nf6 4.O-O Nxe4 5.d4 Nd6 6.dxe5 Nxb5 7.a4 Nbd4 8.Nxd4 Nxd4
9.Qxd4 d5 10.Qd3 c6 11.Nd2 Qg5 12.Qe2 Qg6 13.Nb3 Bg4 14.f3 Bf5 15.Rf2 Rc8
16.Be3 c5 17.Qb5+ Qc6 18.c3 b6 19.Qxc6+ Rxc6 20.g4 Be6 21.Nc1 h5 22.h3 hxg4
23.hxg4 Rh3 24.Bg5 a5 25.Ne2 Rh8 26.Rd1 Be7 27.Bxe7 Kxe7 28.Nf4 Rd8 29.Rfd2 d4
30.Nxe6 Kxe6 31.f4 g5 32.cxd4 cxd4 33.Rxd4 Rxd4 34.Rxd4 gxf4 35.Rxf4 Rc1+
36.Kg2 Rc2+ 37.Rf2 Rc4 38.Kg3 Rxa4 39.Rf6+ Kxe5 40.Rxb6 Rb4 41.Ra6 Rb5 42.Ra7 Kf6
43.Kh4 Kg6 44.Ra8 f6  1/2-1/2